000
00330nam a2200145Ia 4500
005
20251222152044.0
008
251222s9999||||xx |||||||||||||| ||spa||
020
_a
8470174630
082
_a
823.914/O79
100
_a
Osmond, Andrew
245
0
_a
Sala-din
250
_a
1ra.ed.
264
_b
Editorial Argos, s.A.
942
_c
LIB
999
_c
26171
_d
26171